000 00858nam a22002297a 4500
005 20180705153442.0
010 _a1718EN-30 ENG-121827 B-688263-274
020 _c100.00
_a9788126042531
035 _aEN-105359
035 _aB-688263-274
037 _bSahitya Akadmi
_adpl
037 _bDBAD/PUB
082 _aS
100 _aSwami, Chetan
245 _aKasturi Mrig /
_cby Chetan Swami ; translated by Jyotika Elhance
260 _aNew Delhi
_bSahitya Academi
_c2016
270 _bNew Delhi
_aRabindra Bhawan, 35, Fiiroz Shah Marg
_e110001
300 _a87p.
_c21cm(pbk)
700 _aElhance, Jyotika
942 _2ddc
_cEN
_mSWA
_hS
999 _c146206
_d146206